<?xml version="1.0" encoding="UTF-8"?>
<record
    xmlns:xsi="http://www.w3.org/2001/XMLSchema-instance"
    xsi:schemaLocation="http://www.loc.gov/MARC21/slim http://www.loc.gov/standards/marcxml/schema/MARC21slim.xsd"
    xmlns="http://www.loc.gov/MARC21/slim">

  <leader>01358nam a22002537a 4500</leader>
  <controlfield tag="005">20150205105625.0</controlfield>
  <controlfield tag="008">071116s2006    ck abdo r     100 0 spa d</controlfield>
  <datafield tag="020" ind1=" " ind2=" ">
    <subfield code="a">9589205679</subfield>
  </datafield>
  <datafield tag="040" ind1=" " ind2=" ">
    <subfield code="a">CO-BoPUJ</subfield>
    <subfield code="c">CO-BoIAVH</subfield>
  </datafield>
  <datafield tag="041" ind1="0" ind2=" ">
    <subfield code="a">spa</subfield>
  </datafield>
  <datafield tag="044" ind1=" " ind2=" ">
    <subfield code="a">ck</subfield>
  </datafield>
  <datafield tag="082" ind1="0" ind2="4">
    <subfield code="a">580.744861</subfield>
    <subfield code="b">A16e</subfield>
  </datafield>
  <datafield tag="111" ind1="2" ind2=" ">
    <subfield code="a">Encuentro internacional de ecolog&#xED;a regional aplicada a la conservaci&#xF3;n de la flora y los ecosistemas alto andinos y de p&#xE1;ramo</subfield>
    <subfield code="d">(2005</subfield>
    <subfield code="c">Bogot&#xE1;)</subfield>
    <subfield code="9">32675</subfield>
  </datafield>
  <datafield tag="245" ind1="1" ind2="0">
    <subfield code="a">Encuentro internacional de ecolog&#xED;a regional aplicada a la conservaci&#xF3;n de la flora y los ecosistemas alto andinos y de p&#xE1;ramo :</subfield>
    <subfield code="b">memorias /</subfield>
    <subfield code="c">Alcald&#xED;a Mayor de Bogot&#xE1;</subfield>
  </datafield>
  <datafield tag="260" ind1=" " ind2=" ">
    <subfield code="a">Bogot&#xE1;:</subfield>
    <subfield code="b">Alcald&#xED;a Mayor de Bogot&#xE1;,</subfield>
    <subfield code="b">Red Nacional de Jardines Bot&#xE1;nicos de Colombia,</subfield>
    <subfield code="b">Bogota sin Indiferencia;</subfield>
    <subfield code="c">2006.</subfield>
  </datafield>
  <datafield tag="300" ind1=" " ind2=" ">
    <subfield code="a">98 p.</subfield>
    <subfield code="b">ilustraciones, fotos, mapas a color y tablas</subfield>
    <subfield code="c">23 cm.</subfield>
  </datafield>
  <datafield tag="500" ind1=" " ind2=" ">
    <subfield code="a">Encuentro realizado en el marco de los eventos de conmemoraci&#xF3;n de los 50 a&#xF1;os del Jard&#xED;n Bot&#xE1;nico de Bogot&#xE1; Jos&#xE9; Celestino Mutis (1955-2005).</subfield>
  </datafield>
  <datafield tag="504" ind1=" " ind2=" ">
    <subfield code="a">Incluye referencias bibliogr&#xE1;ficas.</subfield>
  </datafield>
  <datafield tag="610" ind1="2" ind2="4">
    <subfield code="a">Jard&#xED;n Bot&#xE1;nico de Bogot&#xE1; Jos&#xE9; Celestino Mutis</subfield>
    <subfield code="x">Historia.</subfield>
    <subfield code="9">32676</subfield>
  </datafield>
  <datafield tag="650" ind1="1" ind2="4">
    <subfield code="a">Ecolog&#xED;a forestal</subfield>
    <subfield code="z">Colombia.</subfield>
    <subfield code="v">Congresos.</subfield>
    <subfield code="9">32677</subfield>
  </datafield>
  <datafield tag="650" ind1="2" ind2="4">
    <subfield code="a">Ecolog&#xED;a vegetal</subfield>
    <subfield code="z">Colombia.</subfield>
    <subfield code="v">Congresos.</subfield>
    <subfield code="9">32678</subfield>
  </datafield>
  <datafield tag="650" ind1="2" ind2="4">
    <subfield code="a">Ecosistemas</subfield>
    <subfield code="z">Colombia.</subfield>
    <subfield code="v">Congresos.</subfield>
    <subfield code="9">32679</subfield>
  </datafield>
  <datafield tag="942" ind1=" " ind2=" ">
    <subfield code="2">ddc</subfield>
    <subfield code="c">LIBRO</subfield>
  </datafield>
  <datafield tag="999" ind1=" " ind2=" ">
    <subfield code="c">9053</subfield>
    <subfield code="d">9053</subfield>
  </datafield>
  <datafield tag="952" ind1=" " ind2=" ">
    <subfield code="0">0</subfield>
    <subfield code="1">0</subfield>
    <subfield code="2">ddc</subfield>
    <subfield code="4">0</subfield>
    <subfield code="7">0</subfield>
    <subfield code="8">GENERAL</subfield>
    <subfield code="I">INV2017</subfield>
    <subfield code="a">Bogota</subfield>
    <subfield code="b">Bogota</subfield>
    <subfield code="d">2015-02-05</subfield>
    <subfield code="l">0</subfield>
    <subfield code="o">LB-580.744861 A16e</subfield>
    <subfield code="p">038667</subfield>
    <subfield code="r">2015-02-05 00:00:00</subfield>
    <subfield code="t">Ej. 1</subfield>
    <subfield code="w">2015-02-05</subfield>
    <subfield code="x">Donaci&#xF3;n</subfield>
    <subfield code="y">LIBRO</subfield>
  </datafield>
</record>
